| 000 | 01069cam a2200253 4500 | ||
|---|---|---|---|
| 001 | WB3923-05 | ||
| 008 | 030619n2003 000 0 eng u | ||
| 035 | _a(Sirsi) u122674 | ||
| 245 | _aEarls Court beats Oxford St | ||
| 260 | _c2003 | ||
| 490 |
_aDonaldsons Press Release _v 16 June 2003 (1) |
||
| 520 | _aEarls Court is London's top location in rental growth terms, according to Donaldsons research. Rents there have risen 11.7% over the last three years. During the same period London's Oxford Street rents have increased by just 3.4% compared with the London average of 4.2%. The slowdown is blamed on a drop in tourist spending. Download report from Donaldsons press release http://www.donaldsons.co.uk/rcs/Reef/64317/pressoffice_pub/index.xml | ||
| 590 | _aWB | ||
| 650 | _aRETAIL RENTAL GROWTH | ||
| 650 | _aLONDON | ||
| 650 | _aEARLS COURTS | ||
| 650 | _aOXFORD STREET | ||
| 650 | _aRENTS | ||
| 650 | _aRETAIL LOCATION | ||
| 650 | _aDONALDSONS | ||
| 650 | _aRANKINGS | ||
| 690 | _aPROPERTY-COMMERCIAL PROPERTY-RETAIL PROPERTY | ||
| 942 | _n0 | ||
| 999 |
_c72891 _d72891 |
||